RWBY- This Life Is Mine Lyrics - Statistics

General Stats
  • This quiz has been taken 142 times
  • The average score is 256 of 352
Answer Stats
Answer % Correct
a
99%
I
99%
you
97%
you?
97%
is
93%
me?
93%
me
93%
me,
93%
me.
93%
this
93%
This
93%
be
91%
Can
91%
life
91%
mine.
91%
not
91%
of
90%
the
90%
your
90%
Your
90%
Do
88%
hear
87%
in
85%
and
84%
will
84%
can't
82%
Mirror.
82%
mirror;
82%
mirror
82%
Mirror,
82%
Mirror
82%
my
82%
own.
82%
that
82%
to,
82%
to
82%
am
81%
on
79%
was
79%
Are
78%
are
78%
part
78%
so
78%
There's
76%
there's
76%
thing
76%
Listen
75%
another
73%
even
73%
for
73%
pet,
73%
reach
73%
that's
73%
any
72%
like
72%
listening?
72%
desperate
70%
"family",
70%
family
70%
inside
70%
wrong;
70%
changes;
69%
from
69%
have
69%
hold
69%
it
69%
surrender,
69%
through?
69%
won't
69%
being
67%
Born
67%
born
67%
guilt
67%
I'm
67%
might
67%
strong.
67%
treated
67%
But
64%
but
64%
get
64%
tired
64%
anymore.
63%
back,
63%
live
63%
pawn.
63%
scared
63%
stares
63%
when
63%
heart.
61%
heart
61%
let
61%
mind
61%
crimes.
60%
guilty
60%
here
60%
say,
60%
told
60%
way
60%
royal
58%
see
58%
test.
58%
keeper
57%
long
57%
never
57%
standing
57%
where
57%
been
55%
how
55%
influence
55%
riches
55%
young
55%
I'll
54%
know
54%
made
54%
nothing
54%
today,
54%
travesty.
54%
by
52%
didn't
52%
pride,
52%
truth.
52%
turned
52%
afraid,
51%
into
51%
so-called
51%
swear
51%
Amazing
49%
legacy.
49%
possessed;
49%
possessed,
49%
believed
48%
just
48%
Now
48%
now
48%
now;
48%
pieces;
48%
took
48%
world
48%
between
46%
chained
46%
don't
46%
shattering
46%
casualty
45%
kept
45%
rescue
45%
split
45%
tree.
45%
needs,
43%
Shame
43%
start.
43%
stood
43%
apart.
42%
burdened
42%
fill
42%
longer.
42%
suffer
42%
used
42%
Here's
40%
I've
40%
tie
40%
conquered
39%
dominion
39%
finally
39%
Finally
39%
free.
39%
intend
39%
prison
39%
falls
37%
you're
37%
Existing
36%
one.
33%
we're
31%
guess
30%
over.
30%
servility
30%
done.
28%
failed,
28%
charge,
27%
patriarchal
27%
conversation
25%
training
25%
together
24%
myself
22%
pulled
21%
No matching quizzes found
Score Distribution
Percent of People with Each Score
Percentile by Number Answered
Your Score History
You have not taken this quiz